Alvin and the chipmunks. A chipmunk Christmas /

The most requested Christmas songs ever. The 25th Anniversary edition includes three episodes, along with 11 holiday songs from the classic soundtrack. Also features a never-before-seen pencil sketch and cels from A Chipmunk Christmas by Chuck Jones.

Bibliographic Details
Corporate Authors: Bagdasarian Productions, Paramount Home Entertainment (Firm)
Other Authors: Bagdasarian, Ross, Karman, Janice, Cartwright, Nancy, 1959-
Format: Video DVD CD
Language:English
Language Notes:Closed-captioned.
Published: Hollywood, Calif. : Paramount Home Entertainment, [2006]
Edition:25th anniversary special collector's ed.
Subjects:

MARC

Tag First Indicator Second Indicator Subfields
LEADER 00000cgm a2200000Ka 4500
001 in00002670121
005 20151202112647.0
006 jcrnn n
007 vd cvaizs
007 sd fungnn|||eu
008 060925s2006 cau066 j vaeng d
020 |a 1415724601 
020 |a 9781415724606 
024 1 |a 097368011649 
028 4 2 |a 80116  |b Paramount Home Entertainment 
035 |a (OCoLC)ocm71681215 
035 |a (OCoLC)71681215 
037 |b Midwest Tape  |n http://www.midwesttapes.com 
040 |a TEFMT  |c TEFMT  |d OCLCQ  |d OJ4  |d RCS  |d OCLCQ  |d BTCTA  |d OCLCQ  |d ABG  |d OCLCQ  |d VP@  |d JTC  |d EHH  |d HALAN  |d UtOrBLW 
049 |a TXAM 
050 1 4 |a PN1992.77  |b .A48 2006 
082 0 4 |a 791.45/75  |2 22 
090 |a PN1992.77.A525  |b A48 2006 
245 0 0 |a Alvin and the chipmunks.  |p A chipmunk Christmas /  |c Bagdasarian Productions. 
246 3 0 |a Chipmunk Christmas 
250 |a 25th anniversary special collector's ed. 
264 1 |a Hollywood, Calif. :  |b Paramount Home Entertainment,  |c [2006] 
300 |a 1 videodisc (66 min.) :  |b sound, color ;  |c 4 3/4 in. +  |e 1 sound disc (digital : 4 3/4 in.) 
336 |a two-dimensional moving image  |b tdi  |2 rdacontent 
337 |a video  |b v  |2 rdamedia 
338 |a videodisc  |b vd  |2 rdacarrier 
538 |a DVD, region 1, full screen presentation; Dolby Digital stereo. 
546 |a Closed-captioned. 
511 0 |a Voices: Ross Bagdasarian, Jr., Janice Karman, Nancy Cartwright. 
508 |a Animators, Phil Monroe ... [et al.] ; editor, Rich Harrison ; music, Chris Caswell, Randy Edelman, Chase/Rucker Productions ; character designer, Chuck Jones. 
521 8 |a Rating: Not rated. 
520 |a The most requested Christmas songs ever. The 25th Anniversary edition includes three episodes, along with 11 holiday songs from the classic soundtrack. Also features a never-before-seen pencil sketch and cels from A Chipmunk Christmas by Chuck Jones. 
505 0 |a A Chipmunk Christmas -- Merry Christmas Mr. Carroll -- Dave's wonderful life. 
500 |a Videorecording. 
650 0 |a Chipmunks  |v Juvenile drama. 
650 0 |a Christmas plays. 
650 1 |a Chipmunks  |v Drama. 
650 1 |a Christmas  |v Drama. 
650 8 |a Chipmunks  |v Juvenile drama. 
655 7 |a Television programs.  |2 lcgft 
655 7 |a Animated television programs.  |2 lcgft 
655 7 |a Christmas television programs.  |2 lcgft 
655 7 |a Children's television programs.  |2 lcgft 
655 7 |a Video recordings for the hearing impaired.  |2 lcgft 
655 7 |a Children's  |v Animation  |v Television series.  |2 migfg 
655 7 |a Animated television programs.  |2 gsafd 
700 1 |a Bagdasarian, Ross. 
700 1 |a Karman, Janice. 
700 1 |a Cartwright, Nancy,  |d 1959- 
710 2 |a Bagdasarian Productions. 
710 2 |a Paramount Home Entertainment (Firm) 
730 0 |a Alvin show (Television program) 
938 |a Baker and Taylor  |b BTCP  |n be2006023769 
994 |a C0  |b TXA 
948 |a cataloged  |b h  |c 2010/12/6  |d c  |e blrosas  |f 1:34:05 pm 
999 |a MARS 
999 f f |s 996c2840-5656-3234-ba97-0fa76a0ee589  |i 7f810384-f0e9-3b8c-9535-8014fc77b7b1  |t 0 
952 f f |p dvd  |a Texas A&M University  |b College Station  |c Sterling C. Evans Library  |d Evans: Media and Reserves (Annex 1st floor)  |t 0  |e PN1992.77.A525 A48 2006  |h Library of Congress classification  |i video -- videodisc  |m A14839468355 
998 f f |a PN1992.77.A525 A48 2006  |t 0  |l Evans: Media and Reserves (Annex 1st floor)